[Event "MVP-ch Seniors op 14th"]
[Site "Binz"]
[Date "2014.11.27"]
[Round "3"]
[White "Knaak, Hans"]
[Black "Fritsch, Juergen"]
[Result "1/2-1/2"]
[WhiteElo "1514"]
[BlackElo "1789"]
[PlyCount "124"]
[EventDate "2014.11.25"]
[EventType "swiss"]
[EventRounds "9"]
[EventCountry "GER"]
[SourceTitle "EXT 2016"]
[Source "ChessBase"]
[SourceDate "2015.10.08"]
[SourceVersion "1"]
[SourceVersionDate "2015.10.08"]
[SourceQuality "1"]

1. d4 d5 2. c4 e6 3. Nc3 a6 4. e3 dxc4 5. Bxc4 b5 6. a3 bxc4 7. Qf3 Ra7 8. Nh3 Bb7 9. e4 Nd7 10. Be3 Ngf6 11. Qf4 c5 12. Ng5 Qe7 13. dxc5 e5 14. Qf3 Bc6 15. 0-0-0 Nxc5 16. Kb1 Rb7 17. Rd2 h6 18. Qh3 Nd3 19. Qc8+ Qd8 20. Qxc6+ Qd7 21. Qxc4 Bxa3 22. Rxd3 Rxb2+ 23. Ka1 Rb4 24. Qxa6 Bb2+ 25. Ka2 Qb7 26. Qxb7 Rxb7 27. Rhd1 0-0 28. Nf3 Ra8+ 29. Kb1 Bxc3+ 30. Kc2 Nxe4 31. Rxc3 Nxc3 32. Kxc3 Rc8+ 33. Kd2 f6 34. Ke1 Kf7 35. g3 Ke6 36. Nd2 Rd7 37. Ne4 Rxd1+ 38. Kxd1 Kd5 39. Nd2 Rc3 40. Ke2 e4 41. Kd1 f5 42. h4 Ra3 43. Ke2 Ra2 44. Kf1 Rb2 45. Kg2 Rb7 46. Nf1 Rb5 47. Nh2 h5 48. Nf1 Kc4 49. Bf4 g6 50. Ne3+ Kd3 51. Nf1 Rb2 52. Be3 Ke2 53. Bf4 Kd3 54. Ne3 Rb5 55. Bg5 Rc5 56. Kh3 Ke2 57. Kg2 Kd3 58. Kg1 Rc1+ 59. Nf1 Rc2 60. Ne3 Rc1+ 61. Kg2 Rc5 62. Bf4 Rb5 1/2-1/2

[Event "Hessen-ch Seniors op 10th"]
[Site "Bad Sooden-Allendorf"]
[Date "2014.04.28"]
[Round "3"]
[White "Van Houten, Henk"]
[Black "Knaak, Hans"]
[Result "1/2-1/2"]
[WhiteElo "1755"]
[BlackElo "1704"]
[PlyCount "56"]
[EventDate "2014.04.26"]
[EventType "swiss"]
[EventRounds "9"]
[EventCountry "GER"]
[SourceTitle "EXT 2018"]
[Source "ChessBase"]
[SourceDate "2017.10.13"]
[SourceVersion "1"]
[SourceVersionDate "2017.10.13"]
[SourceQuality "1"]

1. b3 c5 2. Bb2 e6 3. c4 Nf6 4. Nf3 Be7 5. d3 0-0 6. e4 Nc6 7. e5 Ne8 8. Be2 Qc7 9. 0-0 d6 10. exd6 Bxd6 11. g3 Ne5 12. Nxe5 Bxe5 13. Bxe5 Qxe5 14. Nd2 Nf6 15. Nf3 Qd6 16. Qc2 b6 17. Ne1 Bb7 18. Bf3 Bxf3 19. Nxf3 Rad8 20. Rad1 Ng4 21. d4 cxd4 22. Rxd4 Qc6 23. Ng5 Nf6 24. Rxd8 Rxd8 25. Rd1 Rd6 26. Qc1 Rxd1+ 27. Qxd1 Qd7 28. Qxd7 Nxd7 1/2-1/2

[Event "Hessen-ch Seniors op 09th"]
[Site "Bad Sooden-Allendorf"]
[Date "2013.04.25"]
[Round "6"]
[White "Krueger, Bernhard"]
[Black "Knaak, Hans"]
[Result "0-1"]
[WhiteElo "1769"]
[BlackElo "1699"]
[PlyCount "74"]
[EventDate "2013.04.20"]
[EventType "swiss"]
[EventRounds "9"]
[EventCountry "GER"]
[SourceTitle "EXT 2019"]
[Source "ChessBase"]
[SourceDate "2018.10.10"]
[SourceVersion "1"]
[SourceVersionDate "2018.10.10"]
[SourceQuality "1"]

1. c4 Nf6 2. Nc3 d6 3. g3 e5 4. Bg2 Nc6 5. e3 Be6 6. b3 Be7 7. d4 exd4 8. exd4 0-0 9. d5 Bg4 10. f3 Ne5 11. fxg4 Nfxg4 12. Nf3 Nxf3+ 13. Bxf3 Bf6 14. Qd2 Re8+ 15. Be2 Re3 16. Bb2 Qe7 17. 0-0 Bxc3 18. Bxc3 Rxe2 19. Qd4 Qe3+ 20. Qxe3 Rxe3 21. Rf4 Rxc3 22. Rxg4 Re8 23. Rf4 f6 24. Rf2 Kf7 25. Kf1 Rce3 26. Rd1 R8e5 27. Rdd2 a5 28. Rde2 Rxe2 29. Rxe2 Rxe2 30. Kxe2 Kg6 31. Kf3 Kf5 32. g4+ Ke5 33. Ke3 g6 34. h4 h6 35. a3 b6 36. a4 f5 37. h5 fxg4 0-1

[Event "Hessen-ch Seniors op 09th"]
[Site "Bad Sooden-Allendorf"]
[Date "2013.04.23"]
[Round "4"]
[White "Berger, Eduard"]
[Black "Knaak, Hans"]
[Result "1-0"]
[WhiteElo "1888"]
[BlackElo "1699"]
[PlyCount "34"]
[EventDate "2013.04.20"]
[EventType "swiss"]
[EventRounds "9"]
[EventCountry "GER"]
[SourceTitle "EXT 2019"]
[Source "ChessBase"]
[SourceDate "2018.10.10"]
[SourceVersion "1"]
[SourceVersionDate "2018.10.10"]
[SourceQuality "1"]

1. e4 c5 2. Nf3 d6 3. d4 cxd4 4. Nxd4 Nf6 5. Nc3 a6 6. Bg5 e6 7. Qd2 Be7 8. 0-0-0 0-0 9. f4 Qc7 10. Be2 b5 11. Bf3 Bb7 12. e5 b4 13. Bxb7 bxc3 14. Qxc3 Qxb7 15. exf6 gxf6 16. Bh6 Kh8 17. Bxf8 Bxf8 1-0

[Event "MVP-ch Seniors op 12th"]
[Site "Binz"]
[Date "2012.12.04"]
[Round "7"]
[White "Knaak, Hans"]
[Black "Voigt, Horst"]
[Result "0-1"]
[WhiteElo "1464"]
[BlackElo "1397"]
[PlyCount "74"]
[EventDate "2012.11.28"]
[EventType "swiss"]
[EventRounds "9"]
[EventCountry "GER"]
[SourceTitle "EXT 2014"]
[Source "ChessBase"]
[SourceDate "2013.11.20"]
[SourceVersion "1"]
[SourceVersionDate "2013.11.20"]
[SourceQuality "1"]

1. d4 d5 2. c4 dxc4 3. Nf3 c6 4. a4 e6 5. Nc3 b6 6. Ne5 Ba6 7. e3 b5 8. b3 b4 9. Ne4 c3 10. Bxa6 Nxa6 11. Qf3 Qc7 12. Ng5 Nh6 13. Qxc6+ Qxc6 14. Nxc6 Ng4 15. h3 Nf6 16. Ke2 h6 17. Nf3 Nc7 18. Nfe5 Ncd5 19. Nd3 a5 20. f3 Ra6 21. Nce5 Bd6 22. e4 Ne7 23. g4 Nc6 24. Nxc6 Rxc6 25. e5 c2 26. exd6 Nd5 27. Nc5 Nc3+ 28. Kd3 Rxd6 29. Re1 0-0 30. Kxc2 Rxd4 31. Bb2 Rc8 32. Re5 f6 33. Bxc3 fxe5 34. Bxd4 exd4 35. Kd3 Rxc5 36. Rb1 Rc3+ 37. Ke4 d3 0-1

[Event "MVP-ch Seniors op 12th"]
[Site "Binz"]
[Date "2012.12.03"]
[Round "6"]
[White "Maczollek, Helmut"]
[Black "Knaak, Hans"]
[Result "1/2-1/2"]
[WhiteElo "1375"]
[BlackElo "1464"]
[PlyCount "50"]
[EventDate "2012.11.28"]
[EventType "swiss"]
[EventRounds "9"]
[EventCountry "GER"]
[SourceTitle "EXT 2014"]
[Source "ChessBase"]
[SourceDate "2013.11.20"]
[SourceVersion "1"]
[SourceVersionDate "2013.11.20"]
[SourceQuality "1"]

1. d4 Nf6 2. Nf3 g6 3. Nbd2 d6 4. e4 c5 5. c3 Bg7 6. Bd3 Bg4 7. h3 Bd7 8. 0-0 0-0 9. Re1 Qc7 10. Nf1 Nc6 11. e5 Ne8 12. exd6 Qxd6 13. dxc5 Qxc5 14. Be3 Qd6 15. Qd2 Ne5 16. Nxe5 Bxe5 17. Bh6 Bg7 18. Rad1 Be6 19. b3 Rd8 20. Bxg7 Nxg7 21. Be2 Qc7 22. Qc1 Qa5 23. Qb2 Rc8 24. Rc1 Nh5 25. Bxh5 Qxh5 1/2-1/2

[Event "MVP-ch Seniors op 12th"]
[Site "Binz"]
[Date "2012.11.29"]
[Round "2"]
[White "Thielemann, Joachim"]
[Black "Knaak, Hans"]
[Result "1-0"]
[WhiteElo "1789"]
[BlackElo "1464"]
[PlyCount "85"]
[EventDate "2012.11.28"]
[EventType "swiss"]
[EventRounds "9"]
[EventCountry "GER"]
[SourceTitle "EXT 2014"]
[Source "ChessBase"]
[SourceDate "2013.11.20"]
[SourceVersion "1"]
[SourceVersionDate "2013.11.20"]
[SourceQuality "1"]

1. e4 c5 2. Nc3 d6 3. g3 Nc6 4. d3 Nf6 5. Nge2 e6 6. f4 a6 7. Bg2 Be7 8. 0-0 0-0 9. a3 Qc7 10. h3 Bd7 11. Be3 Rab8 12. Qd2 b5 13. Rfc1 Na5 14. b3 Rfc8 15. b4 Nc6 16. bxc5 dxc5 17. e5 Ne8 18. Ne4 Na5 19. Kh2 c4 20. d4 Bc6 21. N2c3 b4 22. axb4 Bxb4 23. Qe2 Bxc3 24. Nxc3 Bxg2 25. Qxg2 Rb2 26. Rab1 Rxb1 27. Rxb1 Qc6 28. Qxc6 Nxc6 29. d5 exd5 30. Nxd5 g6 31. Ra1 a5 32. Rxa5 Kg7 33. Rc5 Na7 34. Rxc8 Nxc8 35. Bd4 Kg8 36. g4 Ng7 37. Nf6+ Kh8 38. Ne4 Ne6 39. Be3 Ne7 40. Kg3 Nc6 41. c3 Ned8 42. Nd6 Na5 43. Bb6 1-0

[Event "GER-ch Seniors"]
[Site "Dresden"]
[Date "2012.08.13"]
[Round "5"]
[White "Knaak, Hans"]
[Black "Moeller, Peter1111"]
[Result "1-0"]
[WhiteElo "1735"]
[BlackElo "1619"]
[PlyCount "49"]
[EventDate "2012.08.09"]
[EventType "swiss"]
[EventRounds "9"]
[EventCountry "GER"]
[SourceTitle "EXT 2014"]
[Source "ChessBase"]
[SourceDate "2013.11.20"]
[SourceVersion "1"]
[SourceVersionDate "2013.11.20"]
[SourceQuality "1"]

1. d4 Nf6 2. c4 e6 3. Nc3 d5 4. Nf3 c6 5. Bg5 Nbd7 6. e3 Be7 7. Bd3 Qc7 8. 0-0 0-0 9. cxd5 exd5 10. Rc1 Re8 11. a3 Nf8 12. Bxf6 Bxf6 13. Nxd5 Qd8 14. Nxf6+ Qxf6 15. h3 Ne6 16. Ne5 Nc7 17. Qc2 g6 18. Qb3 Ne6 19. Ng4 Qe7 20. d5 cxd5 21. Qxd5 Nc7 22. Rxc7 Qe6 23. Qxe6 Rxe6 24. Nh6+ Kg7 25. Nxf7 1-0

[Event "GER-ch Seniors"]
[Site "Dresden"]
[Date "2012.08.12"]
[Round "4"]
[White "Gebuhr, Guenter"]
[Black "Knaak, Hans"]
[Result "1-0"]
[WhiteElo "1934"]
[BlackElo "1735"]
[PlyCount "46"]
[EventDate "2012.08.09"]
[EventType "swiss"]
[EventRounds "9"]
[EventCountry "GER"]
[SourceTitle "EXT 2014"]
[Source "ChessBase"]
[SourceDate "2013.11.20"]
[SourceVersion "1"]
[SourceVersionDate "2013.11.20"]
[SourceQuality "1"]

1. e4 c5 2. Nf3 d6 3. d4 cxd4 4. Nxd4 Nf6 5. Nc3 a6 6. Bg5 e6 7. f4 Be7 8. Qf3 0-0 9. 0-0-0 Qc7 10. Bd3 Re8 11. Rhe1 e5 12. Bxf6 gxf6 13. Nd5 Qa5 14. Nb3 Qd8 15. f5 Nd7 16. Re3 Bf8 17. Qg4+ Kh8 18. Qh5 Bg7 19. Rh3 h6 20. Qxf7 Rg8 21. Ne7 Re8 22. Ng6+ Kh7 23. Rg3 Rg8 1-0

[Event "Hessen-ch Seniors op 08th"]
[Site "Bad Sooden-Allendorf"]
[Date "2012.04.15"]
[Round "2"]
[White "Knaak, Hans"]
[Black "Merettig, Georg"]
[Result "0-1"]
[WhiteElo "1708"]
[BlackElo "1909"]
[PlyCount "36"]
[EventDate "2012.04.14"]
[EventType "swiss"]
[EventRounds "9"]
[EventCountry "GER"]
[SourceTitle "EXT 2019"]
[Source "ChessBase"]
[SourceDate "2018.10.10"]
[SourceVersion "1"]
[SourceVersionDate "2018.10.10"]
[SourceQuality "1"]

1. d4 Nc6 2. Nf3 e6 3. e4 b6 4. c4 Bb7 5. Nc3 Nce7 6. Be3 Ng6 7. Be2 Nf6 8. 0-0 Nxe4 9. Nxe4 Bxe4 10. Rc1 Bd6 11. d5 0-0 12. dxe6 fxe6 13. Qd4 Bb7 14. Rfd1 Nf4 15. Bf1 Nh3+ 16. Kh1 Rxf3 17. Qg4 Rxe3 18. fxe3 Nf2+ 0-1

[Event "GER-ch Seniors 23rd"]
[Site "Halle"]
[Date "2011.08.11"]
[Round "7"]
[White "Knaak, Hans"]
[Black "Kraemer, Franz Josef"]
[Result "1-0"]
[WhiteElo "1768"]
[BlackElo "1893"]
[PlyCount "117"]
[EventDate "2011.08.05"]
[EventType "swiss"]
[EventRounds "9"]
[EventCountry "GER"]
[SourceTitle "CBM 144 Extra"]
[Source "ChessBase"]
[SourceDate "2011.10.28"]
[SourceVersion "1"]
[SourceVersionDate "2011.10.28"]
[SourceQuality "1"]

1. d4 f5 2. c4 Nf6 3. Nc3 d5 4. Bf4 c6 5. Nf3 dxc4 6. a4 Nd5 7. Be5 Nd7 8. e3 Nxe5 9. Nxe5 g6 10. Bxc4 Bg7 11. Nf3 e6 12. 0-0 0-0 13. Ne1 Bd7 14. Nd3 Qc7 15. Rc1 Rae8 16. Nxd5 cxd5 17. Bxd5 Qa5 18. Bb3 Bc6 19. Nf4 Bd7 20. Rc5 Qd8 21. Qc2 Kh8 22. Nd3 Qb8 23. Rc1 Rc8 24. Qe2 b6 25. Rxc8 Rxc8 26. Rxc8+ Qxc8 27. Qc2 Qxc2 28. Bxc2 Kg8 29. b3 Kf8 30. Nf4 Ke7 31. Bd3 g5 32. Nh5 Bf8 33. g4 Be8 34. Ng3 f4 35. exf4 gxf4 36. Nf1 Bg6 37. Bxg6 hxg6 38. Nd2 Bg7 39. Nf3 Kd6 40. h4 Kd5 41. Kg2 Bf6 42. g5 Bg7 43. Kh3 Ke4 44. Kg4 a5 45. Ne5 Kxd4 46. Nxg6 Kc3 47. h5 Kxb3 48. h6 Bd4 49. h7 Kxa4 50. h8Q Bxh8 51. Nxh8 b5 52. g6 b4 53. g7 b3 54. g8Q b2 55. Qe8+ Ka3 56. Qb5 a4 57. Ng6 Ka2 58. Qxa4+ Kb1 59. Nxf4 1-0

[Event "Hessen-ch Seniors op 07th"]
[Site "Bad Sooden-Allendorf"]
[Date "2011.05.03"]
[Round "4"]
[White "Knaak, Hans"]
[Black "Mewes, Hans Dieter"]
[Result "0-1"]
[WhiteElo "1529"]
[BlackElo "1736"]
[PlyCount "78"]
[EventDate "2011.04.30"]
[EventType "swiss"]
[EventRounds "9"]
[EventCountry "GER"]
[SourceTitle "EXT 2012"]
[Source "ChessBase"]
[SourceDate "2011.11.24"]
[SourceVersion "1"]
[SourceVersionDate "2011.11.24"]
[SourceQuality "1"]

1. d4 Nf6 2. c4 g6 3. Nc3 Bg7 4. e4 d6 5. f3 0-0 6. Bd3 Nc6 7. Nge2 e5 8. d5 Ne7 9. Be3 b6 10. 0-0 Ne8 11. Qd2 f5 12. Bh6 f4 13. Bxg7 Kxg7 14. Kh1 g5 15. g4 Ng6 16. Ng1 Nh4 17. a4 a5 18. Nb5 Nf6 19. h3 Nd7 20. b4 axb4 21. Qxb4 Nc5 22. Be2 Ra5 23. Rfb1 Bd7 24. Ra3 Rf7 25. Bd1 Be8 26. Kh2 h5 27. Qb2 Kf6 28. Qc1 Rh7 29. Rb2 Bg6 30. Qb1 hxg4 31. fxg4 Bxe4 32. Bc2 Bxc2 33. Qxc2 e4 34. Nd4 Qe8 35. Qc3 Qe5 36. Qd2 e3 37. Qc3 Ne4 38. Qd3 f3+ 39. Kh1 Ng3+ 0-1

[Event "GER-ch Seniors 22nd"]
[Site "Berlin"]
[Date "2010.08.18"]
[Round "3"]
[White "Grueneschild, Hildegard"]
[Black "Knaak, Hans"]
[Result "0-1"]
[WhiteElo "1283"]
[BlackElo "1549"]
[PlyCount "155"]
[EventDate "2010.08.16"]
[EventType "swiss"]
[EventRounds "9"]
[EventCountry "GER"]
[SourceTitle "CBM 138 Extra"]
[Source "ChessBase"]
[SourceDate "2010.10.29"]
[SourceVersion "1"]
[SourceVersionDate "2010.10.29"]
[SourceQuality "1"]

1. c4 Nf6 2. Nc3 d5 3. e3 c6 4. Nf3 g6 5. d4 Bg7 6. cxd5 cxd5 7. Bb5+ Bd7 8. Be2 a6 9. 0-0 0-0 10. Ne5 Qc7 11. Bf3 e6 12. Qb3 Ne8 13. Nd3 Nd6 14. Nc5 Bc6 15. g3 Nc4 16. Bg2 Nd7 17. Nxd7 Qxd7 18. Qd1 b5 19. b3 Nd6 20. Ba3 Rfc8 21. Rc1 a5 22. Bxd6 Qxd6 23. a4 bxa4 24. bxa4 Qb4 25. Nb5 Bxb5 26. Rxc8+ Rxc8 27. axb5 Qxb5 28. Qa1 Rb8 29. Qc3 Bf8 30. Qc7 a4 31. e4 dxe4 32. Bxe4 a3 33. Rb1 a2 34. Ra1 Ra8 35. Qc2 Rd8 36. Rxa2 Bg7 37. Qc7 Rf8 38. Qd6 Qc4 39. Rc2 Qa4 40. Rd2 Qc4 41. Rc2 Qa4 42. Rd2 e5 43. Bc6 Qa1+ 44. Kg2 exd4 45. Bf3 Qc3 46. Rd1 Re8 47. Bd5 Qc2 48. Qd7 Rf8 49. Re1 d3 50. Re8 Qc5 51. Bxf7+ Kh8 52. Rxf8+ Qxf8 53. Bb3 Qa8+ 54. Kh3 Qf3 55. Qe8+ Qf8 56. Qe3 Qd8 57. Qf3 h5 58. Bd1 Kh7 59. Qe4 Qd7+ 60. g4 d2 61. Kg2 hxg4 62. Bxg4 d1Q 63. Bxd1 Qxd1 64. Qh4+ Qh5 65. Qe4 Be5 66. f4 Qg4+ 67. Kf1 Qxf4+ 68. Qxf4 Bxf4 69. Kg2 Kh6 70. h3 Kg5 71. Kf3 Bd6 72. Kg2 Kh4 73. Kh1 Kxh3 74. Kg1 g5 75. Kh1 g4 76. Kg1 g3 77. Kh1 g2+ 78. Kg1 0-1

[Event "Berlin Lichtenberger op 8th"]
[Site "Berlin"]
[Date "2009.08.22"]
[Round "8"]
[White "Schweitzer, Paul"]
[Black "Knaak, Hans"]
[Result "0-1"]
[WhiteElo "1794"]
[BlackElo "1910"]
[PlyCount "104"]
[EventDate "2009.08.15"]
[EventType "swiss"]
[EventRounds "9"]
[EventCountry "GER"]
[SourceTitle "CBM 131 Extra"]
[Source "ChessBase"]
[SourceDate "2009.09.03"]
[SourceVersion "2"]
[SourceVersionDate "2009.09.16"]
[SourceQuality "1"]

1. Nf3 Nf6 2. b3 e6 3. Bb2 Be7 4. e4 d6 5. Nc3 0-0 6. e5 dxe5 7. Nxe5 c5 8. Bd3 Qa5 9. f4 Nbd7 10. 0-0 g6 11. Rf3 Nxe5 12. fxe5 Ng4 13. Ne4 c4 14. Bc3 Qb6+ 15. Kh1 cxd3 16. cxd3 Bd7 17. a4 Bc6 18. a5 Qb5 19. Nf6+ Bxf6 20. Rxf6 Nxe5 21. d4 Nd7 22. Rf2 Qg5 23. a6 b6 24. d3 Bd5 25. b4 Rac8 26. Bd2 Qe7 27. Qg4 Nf6 28. Qg5 Bxg2+ 29. Kxg2 Nd5 30. Qh6 f5 31. Re1 Nf6 32. h3 Rcd8 33. Rfe2 Rfe8 34. Bg5 Rd6 35. Bf4 Rxd4 36. Rc2 Rxd3 37. Rc7 Rd7 38. Rec1 Nd5 39. Rc8 Nxf4+ 40. Qxf4 e5 41. Qc4+ Kg7 42. Rc7 Kf8 43. h4 Rxc7 44. Qxc7 Qxc7 45. Rxc7 Re7 46. Rc8+ Kf7 47. b5 e4 48. Kf1 Kf6 49. Rb8 e3 50. Ke2 f4 51. Rc8 f3+ 52. Kxf3 e2 0-1